Score 0/25 Timer 06:00
2 Plays Today
% Correct
Michael Jackson
96.8%
Leonardo DiCaprio
96.2%
Oprah Winfrey
93.9%
Jennifer Aniston
93.7%
Brad Pitt
92.3%
Lady Gaga
91.9%
Beyoncé Knowles
89.3%
Taylor Swift
88.9%
Meryl Streep
88.5%
Cameron Diaz
85.9%
Emma Watson
85.6%
Catherine, Duchess of Cambridge
85.2%
David Beckham
84.8%
% Correct
Johnny Depp
84.4%
Julia Roberts
80.9%
Tina Fey
80.3%
Rihanna
79.9%
Mariah Carey
74.5%
Mila Kunis
71%
Courteney Cox
68.8%
Adam Levine
66.2%
Matthew Broderick
64.6%
Jessica Biel
46.8%
Megan Fox
35%
Jenna Fischer
18.3%
Remove Ads.
Support Sporcle.
Get the best of Sporcle when you Go Orange. This ad-free experience offers more features, more stats, and more fun while also helping to support Sporcle. Thank you for becoming a member.

You're not logged in!

Compare scores with friends on all Sporcle quizzes.
OR
Log In

Show Comments

Extras

Top Quizzes Today


Score Distribution

Your Account Isn't Verified!

In order to create a playlist on Sporcle, you need to verify the email address you used during registration. Go to your Sporcle Settings to finish the process.

Report this User

Report this user for behavior that violates our Community Guidelines.

Details: